[Event "London Classic op 4th"]
[Site "London"]
[Date "2012.12.04"]
[Round "4"]
[White "Stokes, Paul C"]
[Black "Takahashi, Reiji"]
[Result "1/2-1/2"]
[WhiteElo "1930"]
[BlackElo "2079"]
[PlyCount "86"]
[EventDate "2012.12.01"]
[EventType "swiss"]
[EventRounds "9"]
[EventCountry "ENG"]
[SourceTitle "CBM 151 Extra"]
[Source "ChessBase"]
[SourceDate "2012.12.18"]
[SourceVersion "1"]
[SourceVersionDate "2012.12.18"]
[SourceQuality "1"]

1. d4 Nf6 2. c4 e6 3. g3 d5 4. Bg2 Be7 5. Nf3 0-0 6. 0-0 c6 7. Qc2 b6 8. Rd1 Bb7 9. b3 Na6 10. a3 Rc8 11. Nc3 Nd7 12. e4 Nc7 13. Bb2 Bf6 14. e5 Be7 15. cxd5 cxd5 16. Qd2 Ba6 17. Rac1 Nb8 18. Na2 Qd7 19. Nb4 Bb7 20. Bf1 Nc6 21. Nxc6 Bxc6 22. Rc2 Bb5 23. Bg2 Na6 24. Rdc1 Nb8 25. Rxc8 Rxc8 26. Rxc8+ Qxc8 27. Qc1 Qxc1+ 28. Bxc1 Nc6 29. Bb2 Na5 30. Nd2 Bd3 31. Bf1 Bxf1 32. Kxf1 Kf8 33. Ke2 Ke8 34. Kd3 Kd7 35. b4 Nc6 36. b5 Na5 37. a4 f6 38. f4 f5 39. Bc3 Nb7 40. Nb3 Nd8 41. Na1 h6 42. Nc2 g5 43. Bb4 g4 1/2-1/2